000 00435cam a22001337a 4500
008 180718b1960 xxu||||| |||| 00| 0 eng d
082 _aB711x5441 G949
100 _aGujarat. Democratic Decentralisation Committee
245 _aReport of the Democratic Decentralisation Committee
260 _aAhmedabad
_bThe author
_c1960
300 _a2 Parts
500 _aContents: Pt. 1. 239+p;Pt. 2. 156p.
700 _aParikh, Rasiklal (Chairman)
999 _c488664
_d488664